| Tag |
First Indicator |
Second Indicator |
Subfields |
| LEADER |
00000cam a22000001 4500 |
| 001 |
in00000450331 |
| 005 |
20151012091848.0 |
| 008 |
711005r1968 nyu b 00100beng |
| 010 |
|
|
|a 67019174
|
| 019 |
|
|
|a 990267
|a 2573678
|
| 035 |
|
|
|a (OCoLC)00428864
|
| 035 |
|
|
|9 ABY6357AM
|
| 040 |
|
|
|a DLC
|c DLC
|d TXA
|d UtOrBLW
|
| 041 |
1 |
|
|a eng
|a fre
|
| 049 |
|
|
|a TXAM
|c [706072]
|
| 050 |
0 |
0 |
|a HM22.G3
|b W4413 1968
|
| 082 |
0 |
|
|a 301/.0924
|
| 100 |
1 |
|
|a Freund, Julien.
|
| 240 |
1 |
0 |
|a Sociologie de Max Weber. English
|
| 245 |
1 |
4 |
|a The sociology of Max Weber /
|c Julien Freund ; translated from the French by Mary Ilford.
|
| 250 |
|
|
|a 1st American ed.
|
| 264 |
|
1 |
|a New York :
|b Pantheon Books,
|c [1968]
|
| 264 |
|
4 |
|c ©1968
|
| 300 |
|
|
|a ix, 310 pages ;
|c 22 cm.
|
| 336 |
|
|
|a text
|b txt
|2 rdacontent
|
| 337 |
|
|
|a unmediated
|b n
|2 rdamedia
|
| 338 |
|
|
|a volume
|b nc
|2 rdacarrier
|
| 504 |
|
|
|a Includes bibliographical references and index.
|
| 600 |
1 |
0 |
|a Weber, Max,
|d 1864-1920.
|
| 999 |
|
|
|a MARS
|
| 999 |
f |
f |
|s 133cf4d4-401f-3e21-8155-13dfe9aafff4
|i 55d0d361-4300-324d-8af7-40135d75bd65
|t 0
|
| 952 |
f |
f |
|p ric
|a Texas A&M University
|b Rellis Campus
|c Joint Library Facility
|d Remote Storage
|t 0
|e HM22.G3 W4413 1968
|h Library of Congress classification
|i unmediated -- volume
|m A14823551865
|
| 998 |
f |
f |
|a HM22.G3 W4413 1968
|t 0
|l Remote Storage
|